000 00346pam a2200121 a 4500
020 _c
041 _aeng
100 _aवसंत गुप्ते.
245 _aऑस्कर वाइल्डच्या वूमा
_hTextual Documents
260 _a[s.l]:
_bअपर्णा प्रकाशन
300 _a129p.
930 _a15569
999 _c92469
_d92469